000 00608nam a2200169 a 4500
001 000027044
005 20200930030551.0
008 110329s1960 dr 000 | spa d
040 _aDO-SdBNP
_bspa
_cBNPHU
082 _axxx
_bG216s
100 1 _aGarcía Aybar, José E.
_936120
245 1 3 _aLa suspensión del contrato de trabajo :
_bconferencia pronunciada en el Centro Obrero de Ciudad Trujillo /
_cJosé E. García Aybar.
260 _aCiudad Trujillo, República Dominicana :
_bImpresora Arte y Cine,
_c1960.
300 _a34 p. ;
_c23 cm.
500 _aVersión taquigráfica revisada.
049 _aBNPD
999 _c26536
_d26536